[Event "Avoine op 20th"]
[Site "Avoine"]
[Date "2005.07.26"]
[Round "4"]
[White "Caroff, Frederic"]
[Black "Gaborit, Jean Pierre"]
[Result "0-1"]
[WhiteElo "2074"]
[BlackElo "2265"]
[PlyCount "110"]
[EventDate "2005.07.23"]
[EventType "swiss"]
[EventRounds "9"]
[EventCountry "FRA"]
[SourceTitle "EXT 2007"]
[Source "ChessBase"]
[SourceDate "2006.11.23"]
[SourceVersion "1"]
[SourceVersionDate "2006.11.23"]
[SourceQuality "1"]

1. e4 e6 2. d4 d5 3. Nc3 Bb4 4. e5 c5 5. a3 Bxc3+ 6. bxc3 Qc7 7. Nf3 b6 8. Bb5+ Bd7 9. Bd3 Ba4 10. 0-0 c4 11. Be2 h6 12. Ne1 Nc6 13. f4 Nge7 14. Bg4 g6 15. Be3 0-0-0 16. Qd2 Rdg8 17. Nf3 Nb8 18. Bf2 Nd7 19. Bh4 Nf5 20. Bxf5 gxf5 21. Be7 Nxe5 22. Bf6 Nxf3+ 23. Rxf3 Rh7 24. Re1 Rg6 25. Bh4 Rhg7 26. g3 Rg4 27. Kf2 Rg8 28. Ke2 R4g6 29. Kd1 Qd6 30. Qc1 Kc7 31. Qb2 a5 32. Kd2 Rb8 33. Rb1 Kd7 34. Re3 Ke8 35. Ree1 Kf8 36. Re3 Kg7 37. Rbe1 Rb7 38. Ra1 Bd7 39. Ree1 f6 40. Re3 Kf7 41. Qb1 b5 42. Qb2 Rg8 43. Rae1 b4 44. axb4 axb4 45. cxb4 Rxb4 46. Qc3 Ra8 47. Ra1 Rxa1 48. Qxa1 Qb6 49. Qc3 Ra4 50. h3 Ra2 51. Re1 Qa7 52. Rb1 Bc6 53. Kc1 Ra3 54. Qb2 Rf3 55. Qa1 Rf1+ 0-1

[Event "FRA-chT2 0405"]
[Site "France"]
[Date "2005.02.06"]
[Round "7.4"]
[White "Delalande, Thierry"]
[Black "Gaborit, Jean Pierre"]
[Result "0-1"]
[WhiteElo "2152"]
[BlackElo "2262"]
[PlyCount "56"]
[EventDate "2004.10.10"]
[EventType "team"]
[EventRounds "11"]
[EventCountry "FRA"]
[SourceTitle "EXT 2006"]
[Source "ChessBase"]
[SourceDate "2005.11.24"]
[SourceVersion "1"]
[SourceVersionDate "2005.11.24"]
[SourceQuality "1"]
[WhiteTeam "Nantes"]
[BlackTeam "Tours"]
[WhiteTeamCountry "FRA"]
[BlackTeamCountry "FRA"]

1. d4 Nf6 2. c4 g6 3. Nc3 d5 4. cxd5 Nxd5 5. e4 Nxc3 6. bxc3 Bg7 7. Nf3 c5 8. Be3 0-0 9. Qd2 Qa5 10. Rc1 cxd4 11. cxd4 Qxd2+ 12. Nxd2 e6 13. Bb5 Bd7 14. Bxd7 Nxd7 15. Ke2 b5 16. Rc7 Nb6 17. Rhc1 Rfd8 18. Nb3 Nc4 19. Bg5 Rdc8 20. Rxc8+ Rxc8 21. Be7 Ra8 22. Bc5 a5 23. Rb1 b4 24. Kd3 Na3 25. Rd1 Nb5 26. Ra1 Rc8 27. Rc1 a4 28. Nd2 Bxd4 0-1

[Event "FRA-chT2 0405"]
[Site "France"]
[Date "2004.11.06"]
[Round "2.4"]
[White "Rabeyrin, Jean Jacques"]
[Black "Gaborit, Jean Pierre"]
[Result "0-1"]
[WhiteElo "2276"]
[BlackElo "2262"]
[PlyCount "66"]
[EventDate "2004.10.10"]
[EventType "team"]
[EventRounds "11"]
[EventCountry "FRA"]
[SourceTitle "EXT 2006"]
[Source "ChessBase"]
[SourceDate "2005.11.24"]
[SourceVersion "1"]
[SourceVersionDate "2005.11.24"]
[SourceQuality "1"]
[WhiteTeam "Evry II"]
[BlackTeam "Tours"]
[WhiteTeamCountry "FRA"]
[BlackTeamCountry "FRA"]

1. e4 e6 2. d4 d5 3. Nd2 Nc6 4. Ngf3 Nf6 5. e5 Ne4 6. Bd3 Nxd2 7. Bxd2 Nb4 8. Be2 c5 9. c3 Nc6 10. 0-0 Qb6 11. Qc2 cxd4 12. cxd4 Bd7 13. Bc3 Be7 14. Bd3 h6 15. Qe2 Nb4 16. Bxb4 Qxb4 17. Rac1 0-0 18. Rc3 Qb6 19. Rfc1 Rfc8 20. Bb1 g6 21. h4 h5 22. a3 Kg7 23. Qd2 Rxc3 24. Rxc3 Rc8 25. g3 Rc4 26. Bd3 Rc6 27. Kg2 Be8 28. Bb1 Rxc3 29. Qxc3 Bb5 30. Qd2 Ba6 31. Nh2 Qb5 32. b4 Qe2 33. Qc1 Bc4 0-1

[Event "FRA-chT"]
[Site "France"]
[Date "1998.04.04"]
[Round "6"]
[White "Kinsman, Andrew PH"]
[Black "Gaborit, Jean Pierre"]
[Result "1-0"]
[WhiteElo "2430"]
[BlackElo "2280"]
[PlyCount "131"]
[EventDate "1998.02.06"]
[EventType "team"]
[EventRounds "11"]
[EventCountry "FRA"]
[SourceTitle "CBM 064 Extra"]
[Source "ChessBase"]
[SourceDate "1998.07.07"]
[SourceVersion "1"]
[SourceVersionDate "1998.07.07"]
[SourceQuality "1"]

1. d4 d5 2. Nf3 Nc6 3. g3 Bg4 4. Bg2 Qd7 5. 0-0 Bh3 6. c4 Bxg2 7. Kxg2 e6 8. Qa4 Nf6 9. Nc3 Bb4 10. a3 Bxc3 11. bxc3 0-0 12. Bf4 dxc4 13. Qxc4 Nd5 14. Bd2 Na5 15. Qd3 Nb3 16. c4 Nxd2 17. Qxd2 Nf6 18. Ne5 Qd6 19. Qe3 Nd7 20. Nxd7 Qxd7 21. Qe4 Rab8 22. a4 Rfd8 23. Rfd1 Qd6 24. a5 h6 25. e3 Re8 26. Rab1 b6 27. a6 Qa3 28. Ra1 Qb4 29. Rdc1 Qe7 30. c5 e5 31. cxb6 Rxb6 32. dxe5 c5 33. f4 Qe6 34. Rxc5 Rxa6 35. Rxa6 Qxa6 36. Qc4 Qb7+ 37. e4 Rd8 38. Rc7 Qb2+ 39. Kf3 Rf8 40. Rxa7 Qb6 41. Rc7 Qg6 42. Rc8 Qh5+ 43. Kg2 g5 44. Rxf8+ Kxf8 45. f5 Qd1 46. f6 Qd2+ 47. Kf3 Qd1+ 48. Ke3 Qg1+ 49. Kd3 Qd1+ 50. Kc3 Qa1+ 51. Kc2 Kg8 52. e6 Qxf6 53. exf7+ Kh7 54. Qd5 Qf2+ 55. Kd3 Qf1+ 56. Kd4 Qa1+ 57. Kc5 Qa3+ 58. Kc6 Qa6+ 59. Kd7 Qa7+ 60. Ke6 Qb6+ 61. Ke7 Qc7+ 62. Kf6 Qb6+ 63. Qe6 Qd4+ 64. e5 Qd8+ 65. Qe7 Qb6+ 66. Qd6 1-0

[Event "Arco op 18th"]
[Site "Arco"]
[Date "1996.11.03"]
[Round "9"]
[White "Gaborit, Jean Pierre"]
[Black "Sprotte, Norbert"]
[Result "1-0"]
[WhiteElo "2245"]
[BlackElo "2240"]
[PlyCount "53"]
[EventDate "1996.10.28"]
[EventType "swiss"]
[EventRounds "9"]
[EventCountry "ITA"]
[SourceTitle "EXT 2023"]
[Source "ChessBase"]
[SourceDate "2022.10.05"]
[SourceVersion "1"]
[SourceVersionDate "2022.10.05"]
[SourceQuality "1"]

1. d4 e6 2. Nf3 Nf6 3. Bg5 c5 4. e3 Qb6 5. Nc3 cxd4 6. exd4 d5 7. Bxf6 gxf6 8. Bd3 Qxb2 9. Nb5 Qb4+ 10. Nd2 Qa5 11. 0-0 a6 12. Nb3 Qd8 13. Nc3 f5 14. Re1 Bb4 15. Qd2 h6 16. Bxf5 Qg5 17. Qd3 Rg8 18. Bh3 Qg6 19. Qe3 Nc6 20. Nxd5 Bxe1 21. Nc7+ Kd8 22. Nxa8 Bb4 23. c3 Ba3 24. Nb6 Bb2 25. Re1 Qc2 26. Nxc8 Kxc8 27. d5 1-0

[Event "Arco op 18th"]
[Site "Arco"]
[Date "1996.10.30"]
[Round "4"]
[White "Wohl, Aleksandar H"]
[Black "Gaborit, Jean Pierre"]
[Result "1/2-1/2"]
[WhiteElo "2400"]
[BlackElo "2245"]
[PlyCount "89"]
[EventDate "1996.10.28"]
[EventType "swiss"]
[EventRounds "9"]
[EventCountry "ITA"]
[SourceTitle "EXT 2023"]
[Source "ChessBase"]
[SourceDate "2022.10.05"]
[SourceVersion "1"]
[SourceVersionDate "2022.10.05"]
[SourceQuality "1"]

1. e4 e6 2. Qe2 c5 3. Nf3 Nc6 4. g3 Be7 5. Bg2 d5 6. d3 Nf6 7. 0-0 dxe4 8. dxe4 e5 9. c3 0-0 10. a3 Qc7 11. b4 a6 12. Nh4 Re8 13. Nf5 Bxf5 14. exf5 e4 15. Nd2 Qe5 16. Bb2 cxb4 17. axb4 Qxf5 18. Nxe4 Bxb4 19. Nxf6+ Qxf6 20. cxb4 Rxe2 21. Bxf6 gxf6 22. b5 Nd8 23. bxa6 Rxa6 24. Rxa6 bxa6 25. Ra1 Re6 26. Bf1 Nb7 27. Bxa6 Nc5 28. Bc4 Re4 29. Rc1 Nb7 30. Bd5 Re7 31. Kg2 Kg7 32. Rc4 f5 33. Kf3 Rd7 34. Bxb7 Rxb7 35. Kf4 Rb2 36. f3 Rxh2 37. Rc5 Ra2 38. Kxf5 Ra3 39. Kg4 h6 40. Rc4 Ra5 41. Kh4 Rf5 42. Rg4+ Kh7 43. f4 Ra5 44. Kh3 f5 45. Rh4 1/2-1/2

[Event "FRA Cup"]
[Site "Paris"]
[Date "1994.??.??"]
[Round "?"]
[White "Gaborit, Jean Pierre"]
[Black "Bricard, Emmanuel"]
[Result "0-1"]
[WhiteElo "2315"]
[BlackElo "2465"]
[PlyCount "76"]
[EventDate "1994.??.??"]
[EventType "team"]
[EventRounds "5"]
[EventCountry "FRA"]
[SourceTitle "EXT 2004"]
[Source "ChessBase"]
[SourceDate "2003.11.25"]
[SourceVersion "1"]
[SourceVersionDate "2003.11.25"]
[SourceQuality "1"]

1. d4 e6 2. c4 f5 3. Nf3 Nf6 4. g3 d5 5. Bg2 c6 6. 0-0 Bd6 7. b3 Qe7 8. Bb2 b6 9. Qc1 Bb7 10. Ba3 0-0 11. Bxd6 Qxd6 12. Qa3 c5 13. cxd5 exd5 14. Ne5 Ne4 15. e3 a5 16. f3 Nf6 17. Nc3 Na6 18. Rfe1 Rfd8 19. f4 Nc7 20. Rac1 Ne6 21. dxc5 bxc5 22. Na4 Rac8 23. Red1 Ne4 24. Nc3 Qa6 25. Bf1 Qb6 26. Nxe4 fxe4 27. Rd2 Rd6 28. Rcd1 Rcd8 29. Bh3 Nc7 30. Qb2 Ba6 31. f5 c4 32. Qd4 Qxd4 33. Rxd4 Nb5 34. R4d2 c3 35. Rc2 d4 36. exd4 Nxd4 37. Rxd4 Rxd4 38. Rxc3 R4d5 0-1